000 nam a22 7a 4500
999 _c328788
_d328788
003 Nust
005 20170529130358.0
008 170417b xxu||||| |||| 00| 0 eng d
040 _aDLC
_bDLC
_cRCMS
082 _a910.95491 STE
100 _aStephens,Ian
_9444
245 _aHorned moon
_bIan Stephens
_cAn account of a journey through Pakistan,Kashmir,and Afghanistan
260 _aLondon
_bChatto And Windus
_cc1953
300 _a288:p
_bill:
_c22,cm.
500 _aPart 1: Preliminary (Page-17), Part 2: Sindi, Punjabi (Page-47),Part 3: Kashmiri (Page-105), Part 4: Pathan (Page-225),
538 _iShelf # 13, Row # 4, Fiction.
650 _aExploring Pakistan
_9445
856 _3Table of Content Only
942 _2ddc
_cFIC